Statistics for Simpsons Trivia Quiz #4

Click here to take the quiz!

General Stats

  • This quiz has been taken 28,654 times
    (21,029 since last reset)
  • The average score is 13 of 20

Answer Stats

QuestionAnswer% Correct
Who is Bart's best friend?Milhouse
94%
What convenience store does Apu own?Kwik-E-Mart
87%
What is Mr. Burns catchphrase?Excellent
85%
Who created the Simpsons?Matt Groening
84%
Who is Principal Skinner's boss?Superintendent Chalmers
83%
What is the name of the Simpson family cat?Snowball 2
81%
Who is Springfield's mayor?Diamond Joe Quimby
80%
What is Marge's maiden name?Bouvier
79%
On what street do the Simpsons live?Evergreen Terrace
73%
What country threatens to give Bart “The Boot” for making a prank call?Australia
70%
What is peculiar about baby Gerald, Maggie's nemesis?His Unibrow
64%
What is Marge's worst addiction?Gambling
55%
What theme park is the "violentest place on Earth?"Itchy & Scratchy Land
53%
Homer works in what sector of the power plant?Sector 7G
53%
What is the name of Homer's barbershop quartet?The Be-Sharps
49%
And what is that store's version of a Slurpee?Squishee
49%
Who starred in the Planet of the Apes musical?Troy McClure
48%
What late-night host was once a Simpsons' writer?Conan O'Brien
46%
Who is the evil mastermind of the Globex Corporation? Hint: He was a great bossHank Scorpio
39%
Who owns the military antiques store?Herman
30%

Score Distribution

Percentile by Number Answered

Percent of People with Each Score

Your Score History

You have not taken this quiz since the last reset